<?xml version="1.0" encoding="UTF-8"?>
<record
    xmlns:xsi="http://www.w3.org/2001/XMLSchema-instance"
    xsi:schemaLocation="http://www.loc.gov/MARC21/slim http://www.loc.gov/standards/marcxml/schema/MARC21slim.xsd"
    xmlns="http://www.loc.gov/MARC21/slim">

  <leader>01769nam a2200301   4500</leader>
  <controlfield tag="001">35</controlfield>
  <controlfield tag="003">OSt</controlfield>
  <controlfield tag="005">20250207101740.0</controlfield>
  <controlfield tag="008">250121b        |||||||g |||| 00| 1 eng d</controlfield>
  <datafield tag="040" ind1=" " ind2=" ">
    <subfield code="b">por</subfield>
  </datafield>
  <datafield tag="041" ind1=" " ind2=" ">
    <subfield code="h">eng</subfield>
    <subfield code="a">por</subfield>
  </datafield>
  <datafield tag="082" ind1=" " ind2=" ">
    <subfield code="a">813</subfield>
    <subfield code="b">B118i</subfield>
  </datafield>
  <datafield tag="100" ind1="1" ind2=" ">
    <subfield code="a">Bach, Richard,</subfield>
    <subfield code="d">1936-</subfield>
    <subfield code="9">99</subfield>
  </datafield>
  <datafield tag="240" ind1=" " ind2=" ">
    <subfield code="a">Illusions</subfield>
  </datafield>
  <datafield tag="245" ind1=" " ind2=" ">
    <subfield code="a">Ilus&#xF5;es /</subfield>
    <subfield code="c">Bach, Richard ; Tradu&#xE7;&#xE3;o de Luzia Machado da Costa</subfield>
  </datafield>
  <datafield tag="250" ind1=" " ind2=" ">
    <subfield code="a">7&#xB0; edi&#xE7;&#xE3;o</subfield>
  </datafield>
  <datafield tag="260" ind1=" " ind2=" ">
    <subfield code="a">Rio de Janeiro</subfield>
    <subfield code="b">Record</subfield>
    <subfield code="c">1977</subfield>
  </datafield>
  <datafield tag="300" ind1=" " ind2=" ">
    <subfield code="a">156 p.</subfield>
  </datafield>
  <datafield tag="520" ind1=" " ind2=" ">
    <subfield code="a">Os milh&#xF5;es de leitores das aventuras de Fern&#xE3;o Capelo Gaivota encontram novas palavras de inspira&#xE7;&#xE3;o, al&#xE9;m de momentos da mais prazerosa leitura, em Ilus&#xF5;es, um dos maiores sucessos de Richard Bach, que, h&#xE1; quase tr&#xEA;s d&#xE9;cadas, vem motivando pessoas em todo o mundo com a emocionante hist&#xF3;ria do encontro com um messias moderno. Neste livro que se segue a Fern&#xE3;o Capelo Gaivota, Richard nos transporta na cabine de um biplano at&#xE9; um lugar onde conhece Donald Shimoda, ex-mec&#xE2;nico que faz as ferramentas voarem, a imagina&#xE7;&#xE3;o do autor viajar e os leitores viverem uma vida muito mais feliz e completa. Autor consagrado e piloto apaixonado por avi&#xF5;es, Bach &#x2013; que sintetizou nas aventuras da mais famosa das gaivotas os sentimentos, as ambi&#xE7;&#xF5;es, os medos e os objetivos de toda uma gera&#xE7;&#xE3;o &#x2013; reflete sobre a condi&#xE7;&#xE3;o humana, sobre seus anseios e mist&#xE9;rios em uma hist&#xF3;ria inesquec&#xED;vel, que mudou, para melhor, a vida de milh&#xF5;es de pessoas em todo o mundo.</subfield>
  </datafield>
  <datafield tag="650" ind1=" " ind2="0">
    <subfield code="a">Literatura Americana</subfield>
    <subfield code="9">84</subfield>
  </datafield>
  <datafield tag="650" ind1=" " ind2="0">
    <subfield code="a">Espiritualidade</subfield>
    <subfield code="9">16</subfield>
  </datafield>
  <datafield tag="650" ind1=" " ind2="0">
    <subfield code="a">Religi&#xE3;o</subfield>
    <subfield code="9">100</subfield>
  </datafield>
  <datafield tag="650" ind1=" " ind2="0">
    <subfield code="a">Auto Conhecimento</subfield>
    <subfield code="9">19</subfield>
  </datafield>
  <datafield tag="650" ind1=" " ind2="0">
    <subfield code="a">Filosofia </subfield>
    <subfield code="9">4</subfield>
  </datafield>
  <datafield tag="655" ind1=" " ind2="0">
    <subfield code="a">N&#xE3;o Fic&#xE7;&#xE3;o</subfield>
    <subfield code="9">102</subfield>
  </datafield>
  <datafield tag="700" ind1=" " ind2=" ">
    <subfield code="a">Luzia Machado da Costa</subfield>
    <subfield code="e">Tradutor</subfield>
    <subfield code="9">103</subfield>
  </datafield>
  <datafield tag="942" ind1=" " ind2=" ">
    <subfield code="2">ddc</subfield>
    <subfield code="n">0</subfield>
    <subfield code="c">BK</subfield>
  </datafield>
  <datafield tag="952" ind1=" " ind2=" ">
    <subfield code="0">0</subfield>
    <subfield code="1">0</subfield>
    <subfield code="2">ddc</subfield>
    <subfield code="4">0</subfield>
    <subfield code="7">0</subfield>
    <subfield code="8">FIC</subfield>
    <subfield code="a">BIBIB</subfield>
    <subfield code="b">BIBIB</subfield>
    <subfield code="c">LE</subfield>
    <subfield code="d">2013-07-22</subfield>
    <subfield code="e">doa&#xE7;&#xE3;o</subfield>
    <subfield code="l">0</subfield>
    <subfield code="o">813 / B118i</subfield>
    <subfield code="p">2025-14669</subfield>
    <subfield code="r">2025-01-20 08:34:18</subfield>
    <subfield code="t">Ex. 01</subfield>
    <subfield code="w">2025-01-20</subfield>
    <subfield code="y">BK</subfield>
  </datafield>
  <datafield tag="952" ind1=" " ind2=" ">
    <subfield code="0">0</subfield>
    <subfield code="1">0</subfield>
    <subfield code="2">ddc</subfield>
    <subfield code="4">0</subfield>
    <subfield code="7">0</subfield>
    <subfield code="8">FIC</subfield>
    <subfield code="a">BIBIB</subfield>
    <subfield code="b">BIBIB</subfield>
    <subfield code="c">LE</subfield>
    <subfield code="d">2012-08-28</subfield>
    <subfield code="e">doa&#xE7;&#xE3;o</subfield>
    <subfield code="l">0</subfield>
    <subfield code="o">813 / B118i</subfield>
    <subfield code="p">2025-2882</subfield>
    <subfield code="r">2025-01-20 08:34:18</subfield>
    <subfield code="t">Ex. 02</subfield>
    <subfield code="w">2025-01-20</subfield>
    <subfield code="y">BK</subfield>
  </datafield>
  <datafield tag="999" ind1=" " ind2=" ">
    <subfield code="c">35</subfield>
    <subfield code="d">35</subfield>
  </datafield>
</record>
